00262nam a2200097Ia 4500082000800000245002500008100006400033942000700097008004100104999001900145 aKON 0aNagte langs die Nyl  a KONSALIK, Heinz G. (Heinz Gunther) Kaapstad, 1994  cBK210817s9999 xx 000 0 und d c391294d391293